000
00328pab a2200145 454500
008
180718b1986 xxu||||| |||| 00| 0 eng d
100
_a
Mustafa, Seema
245
_a
Assault on secularism
260
_c
1986
300
_a
3-4
362
_a
1 Mar.
650
_a
Mohammedan Law - India
773
_a
Mainstream
909
_a
13599
999
_c
13599
_d
13599